[Event "C.to Italiano U16 femminile"]
[Site "Montesilvano ITA"]
[Date "2015.07.02"]
[Round "5"]
[White "Gueci, Tea"]
[Black "Di Benedetto, Desiree"]
[WhiteElo "2171"]
[BlackElo "2114"]
[Result "0-1"]
[PlyCount "80"]
[EventDate "2015.06.29"]

1. e4 e6 2. d4 d5 3. Nd2 h6 4. c3 Nf6 5. e5 Nfd7 6. Bd3 c5 7. Ne2 Nc6 8. O-O
Qb6 9. Nf3 Be7 10. Bc2 a5 11. Ne1 cxd4 12. cxd4 Nf8 13. f4 Bd7 14. Nf3 O-O-O
15. a3 Kb8 16. Bd2 f5 17. Ba4 Rc8 18. b4 axb4 19. axb4 g5 20. fxg5 hxg5 21.
Bxg5 Bxg5 22. Nxg5 Nxe5 23. Bxd7 Nfxd7 24. Qa4 Kc7 25. Rfc1+ Nc4 26. Qb3 Rhg8
27. Nf3 Kd6 28. b5 Nf6 29. Qb4+ Kd7 30. Rxc4 dxc4 31. Ne5+ Kd8 32. Nxc4 Qc7 33.
Nd6 Nd5 34. Qa3 Rb8 35. Rc1 Qe7 36. Qc5 Kd7 37. Nxf5 Qxc5 38. dxc5 exf5 39. Rd1
Ke6 40. Nd4+ Ke5 0-1

[Event "C.to Italiano U16 femminile"]
[Site "Montesilvano ITA"]
[Date "2015.07.03"]
[Round "6"]
[White "Bizzarro, Sofia"]
[Black "Gueci, Tea"]
[WhiteElo "1843"]
[BlackElo "2171"]
[Result "0-1"]
[PlyCount "74"]
[EventDate "2015.06.29"]

1. e4 c6 2. d4 g6 3. Nf3 Bg7 4. Nc3 d6 5. Be2 Nf6 6. O-O O-O 7. a4 Qc7 8. h3 e5
9. dxe5 dxe5 10. Be3 Nh5 11. Qc1 Nd7 12. Bh6 Nc5 13. Bxg7 Kxg7 14. Qe3 Ne6 15.
Bc4 Nef4 16. Ne2 Be6 17. Bxe6 Nxe6 18. Qc3 f6 19. g3 Rad8 20. b4 Qe7 21. Rfd1
Kh8 22. Qb2 Nhg7 23. b5 c5 24. Nc3 Nd4 25. Nd2 f5 26. Nd5 Qg5 27. c3 Ne2+ 28.
Kg2 Ne6 29. Nf3 N2f4+ 30. Nxf4 Nxf4+ 31. Kh2 Qh5 32. gxf4 Qxf3 33. Rxd8 Qxf4+
34. Kg2 Rxd8 35. Rf1 Qxe4+ 36. Kg1 Qf3 37. Kh2 Rd3 0-1

[Event "C.to Italiano U16 femminile"]
[Site "Montesilvano ITA"]
[Date "2015.07.03"]
[Round "6"]
[White "Di Benedetto, Desiree"]
[Black "Bresciani, Daniela"]
[WhiteElo "2114"]
[BlackElo "1681"]
[Result "1-0"]
[PlyCount "33"]
[EventDate "2015.06.29"]

1. e4 c5 2. Nf3 Nc6 3. Bb5 g6 4. Bxc6 bxc6 5. O-O Bg7 6. e5 Nh6 7. d3 Nf5 8.
Nc3 Rb8 9. Rb1 Qa5 10. Bf4 Rb4 11. Bd2 Rb8 12. b3 Qc7 13. Re1 Nd4 14. Na4 Nxf3+
15. Qxf3 Bxe5 16. Rxe5 Qxe5 17. Bf4 1-0

[Event "C.to Italiano U16 femminile"]
[Site "Montesilvano ITA"]
[Date "2015.07.03"]
[Round "7"]
[White "Colasante, Marianna"]
[Black "Di Benedetto, Desiree"]
[WhiteElo "1712"]
[BlackElo "2114"]
[Result "0-1"]
[PlyCount "128"]
[EventDate "2015.06.29"]

1. d4 d5 2. Nf3 Nf6 3. Bg5 Ne4 4. e3 Nxg5 5. Nxg5 e6 6. Nf3 Bd6 7. c4 c6 8. Nc3
O-O 9. Bd3 Nd7 10. Qc2 h6 11. O-O a6 12. c5 Bc7 13. b4 e5 14. dxe5 Nxe5 15.
Nxe5 Bxe5 16. f4 Bf6 17. Rae1 d4 18. Nd1 dxe3 19. Nxe3 Qd4 20. Bc4 Re8 21. Qb3
Be6 22. Kh1 Bxc4 23. Nxc4 Rxe1 24. Rxe1 Qxf4 25. Nd6 Be5 26. g3 Qf2 27. Qe3
Qxe3 28. Rxe3 Bxd6 29. cxd6 Rd8 30. Re7 b5 31. Ra7 Rxd6 32. Rxa6 Rf6 33. a4
bxa4 34. Rxa4 Kh7 35. Ra5 g6 36. Rc5 Re6 37. Kg1 g5 38. Kf2 Kg6 39. b5 cxb5 40.
Rxb5 g4 41. Rb2 Rf6+ 42. Kg2 Kf5 43. Rb5+ Kg6 44. Rb2 Rc6 45. Rf2 h5 46. h3 Rc4
47. hxg4 Rxg4 48. Kh2 f5 49. Rb2 Rc4 50. Kg2 Kg5 51. Rb3 Kg4 52. Re3 Rc2+ 53.
Kg1 Ra2 54. Kf1 Rb2 55. Kg1 Kh3 56. Rf3 Kg4 57. Re3 Rc2 58. Kf1 h4 59. gxh4
Kxh4 60. Kg1 f4 61. Re1 Kg3 62. Rd1 f3 63. Kf1 Rh2 64. Kg1 f2+ 0-1

[Event "C.to Italiano U16 femminile"]
[Site "Montesilvano ITA"]
[Date "2015.07.03"]
[Round "7"]
[White "Gueci, Tea"]
[Black "Pizzicotti, Virginia"]
[WhiteElo "2171"]
[BlackElo "1655"]
[Result "1-0"]
[PlyCount "123"]
[EventDate "2015.06.29"]

1. e4 c5 2. Nf3 d6 3. d4 cxd4 4. Nxd4 Nf6 5. Nc3 a6 6. f3 e6 7. Be3 b5 8. g4 h6
9. Qd2 Bb7 10. O-O-O Nbd7 11. Kb1 b4 12. Na4 Qa5 13. b3 Rd8 14. a3 Qc7 15. axb4
d5 16. e5 Nxe5 17. Nxe6 fxe6 18. Bb6 Qd7 19. Bxd8 Qxd8 20. Qe2 Qd6 21. Nc5 Bc8
22. Re1 Ned7 23. Nxe6 Kf7 24. Nd4 Nb6 25. b5 axb5 26. h4 Bd7 27. Bg2 Qc5 28.
Qd3 g6 29. h5 gxh5 30. gxh5 Rg8 31. Bh3 Bxh3 32. Rxh3 Rg2 33. Ne6 Qb4 34. Nd8+
Kg7 35. Rhh1 Na4 36. Re3 d4 37. Qxd4 Qxd4 38. Ne6+ Kf7 39. Nxd4 Bc5 40. bxa4
Bxd4 41. Rd3 Bb6 42. axb5 Rg5 43. c4 Rc5 44. Rh4 Bc7 45. Ka2 Ke6 46. Kb3 Ba5
47. Rhd4 Bc7 48. Kb4 Rxh5 49. b6 Bg3 50. b7 Bc7 51. Rd8 Ba5+ 52. Ka4 Bc7 53.
b8=Q Bxb8 54. Rxb8 Nd7 55. Rb5 Rh1 56. Ra5 Nb6+ 57. Kb4 Rb1+ 58. Rb3 Rc1 59.
Ra6 Rxc4+ 60. Ka3 Rh4 61. Rbxb6+ Kf5 62. Rxh6 1-0

[Event "C.to Italiano U16 femminile"]
[Site "Montesilvano ITA"]
[Date "2015.07.04"]
[Round "8"]
[White "Bresciani, Daniela"]
[Black "Gueci, Tea"]
[WhiteElo "1681"]
[BlackElo "2171"]
[Result "1/2-1/2"]
[PlyCount "164"]
[EventDate "2015.06.29"]

1. d4 g6 2. c4 Bg7 3. Nf3 d6 4. Nc3 Nf6 5. Bg5 h6 6. Bh4 Bg4 7. e3 O-O 8. h3
Bd7 9. Bd3 Nc6 10. O-O Re8 11. a3 g5 12. Bg3 a5 13. d5 Nb8 14. Nd4 e5 15. Nf5
Bxf5 16. Bxf5 e4 17. Qc2 Qe7 18. Rfd1 Na6 19. Na4 Nh5 20. Bh2 Be5 21. Bxe5 Qxe5
22. Bg4 Nf6 23. Be2 Kg7 24. Rac1 Nd7 25. Nc3 f5 26. Nb5 Ndc5 27. Nd4 a4 28. Qc3
Kh7 29. Bh5 Re7 30. Be2 Rg8 31. Kh1 g4 32. g3 gxh3 33. Kh2 Nb8 34. b4 axb3 35.
Nxb3 Qxc3 36. Rxc3 Nxb3 37. Rxb3 b6 38. Kxh3 Nd7 39. Kg2 Ne5 40. Rh1 Ra8 41.
Rh5 Kg6 42. Rh1 Ra4 43. Rc3 Kg7 44. Rh5 Rf7 45. Rh1 Rf8 46. Rh5 Kg6 47. Rh1
Rfa8 48. Ra1 R8a5 49. Ra2 Rc5 50. Rac2 Kf6 51. Rc1 Ra8 52. Rh1 Rh8 53. Rh5 Ra5
54. Rh1 Nd7 55. Rb1 Rha8 56. Ra1 Ke5 57. Ra2 Rc8 58. Ra1 Rc5 59. Rh1 Rh8 60.
Ra1 Nf6 61. Rac1 Rc8 62. R1c2 c6 63. dxc6 R8xc6 64. Rc1 b5 65. a4 bxa4 66. Ra3
Ra5 67. Rca1 Nd7 68. Rxa4 Rxa4 69. Rxa4 Rc7 70. Ra5+ Nc5 71. Rb5 Ra7 72. Rb2
Ra3 73. Rc2 Nd3 74. Rd2 Rc3 75. Rd1 Nb2 76. Rd5+ Ke6 77. Rd4 Rc2 78. Kf1 Rc1+
79. Kg2 Rc2 80. Kf1 Nd3 81. Bxd3 exd3 82. Rxd3 Rxc4 1/2-1/2

[Event "C.to Italiano U16 femminile"]
[Site "Montesilvano ITA"]
[Date "2015.07.04"]
[Round "8"]
[White "Cuccu, Maria"]
[Black "Di Benedetto, Desiree"]
[WhiteElo "1552"]
[BlackElo "2114"]
[Result "0-1"]
[PlyCount "118"]
[EventDate "2015.06.29"]

1. c4 e5 2. g3 Nf6 3. Bg2 Nc6 4. d3 Bc5 5. Nc3 h6 6. Nf3 d6 7. O-O a5 8. b3 O-O
9. Bb2 Bg4 10. a3 Qd7 11. Qc2 Bxf3 12. Bxf3 Nd4 13. Qd1 Nxf3+ 14. exf3 Bd4 15.
Qc2 Qf5 16. Kg2 Bxc3 17. Bxc3 Nh7 18. Bd2 Rfe8 19. Rfe1 Re6 20. Bc1 Ng5 21.
Bxg5 hxg5 22. Rh1 Rh6 23. h3 c6 24. a4 Rd8 25. Qe2 d5 26. Rad1 dxc4 27. dxc4
Rhd6 28. Rhe1 Rd3 29. Rxd3 Rxd3 30. Qe4 Qxe4 31. Rxe4 Rxb3 32. Rxe5 Rb4 33.
Rxa5 Rxc4 34. Ra8+ Kh7 35. Rb8 Rb4 36. a5 Rb5 37. Kf1 Kg6 38. Ke2 Kf6 39. Kd3
Ke6 40. Kc4 Kd6 41. Ra8 Rf5 42. Ra7 Kc7 43. a6 Kb6 44. Rxb7+ Kxa6 45. Rb3 Rb5
46. Rxb5 cxb5+ 47. Kb4 Kb6 48. h4 gxh4 49. gxh4 f5 50. f4 Kc6 51. h5 Kb6 52. f3
Kc6 53. Kb3 Kc5 54. Ka3 Kc4 55. Kb2 Kd3 56. Kb3 Ke3 57. Kb4 Kxf3 58. Kxb5 Kxf4
59. Kc4 Ke5 0-1

[Event "C.to Italiano U16 femminile"]
[Site "Montesilvano ITA"]
[Date "2015.07.05"]
[Round "9"]
[White "Montaruli, Beatrice"]
[Black "Gueci, Tea"]
[WhiteElo "1439"]
[BlackElo "2171"]
[Result "0-1"]
[PlyCount "106"]
[EventDate "2015.06.29"]

1. e4 g6 2. d4 Bg7 3. Nf3 d6 4. Nc3 Nf6 5. Bc4 O-O 6. O-O c6 7. Bf4 b5 8. Bd3
Nbd7 9. Qd2 Nh5 10. Bh6 a6 11. Bxg7 Nxg7 12. Rfe1 e5 13. dxe5 dxe5 14. Rad1 Qe7
15. Ne2 Nh5 16. c3 Nb6 17. Qe3 Rb8 18. Qg5 f6 19. Qh4 Qf7 20. Ng3 Nf4 21. Ne2
Nxe2+ 22. Rxe2 Qxa2 23. Red2 Qf7 24. Bc2 Be6 25. Rd6 Rbc8 26. Qh6 Nc4 27. Rxe6
Qxe6 28. Bb3 Rfd8 29. Ra1 a5 30. Rxa5 Ra8 31. Rxa8 Rxa8 32. Qc1 Kg7 33. Nd2 Rd8
34. h3 h5 35. f3 Qd6 36. Nxc4 bxc4 37. Ba2 Ra8 38. Qb1 Qd3 39. Qxd3 cxd3 40.
Bc4 d2 41. Be2 Ra1+ 42. Kf2 d1=Q 43. Bxd1 Rxd1 44. Ke2 Rb1 45. b4 Rb2+ 46. Kd3
Kf7 47. g3 Ke6 48. Kc4 Rf2 49. Kc5 Kd7 50. c4 Rxf3 51. b5 cxb5 52. cxb5 Rxg3
53. Kb6 Rxh3 0-1

[Event "C.to Italiano U16"]
[Site "Montesilvano ITA"]
[Date "2015.06.29"]
[Round "1"]
[White "Amonov, Shahruz"]
[Black "Lodici, Lorenzo"]
[WhiteElo "1641"]
[BlackElo "2324"]
[Result "0-1"]
[PlyCount "42"]
[EventDate "2015.06.29"]

1. e4 c5 2. Nf3 Nc6 3. d4 cxd4 4. Nxd4 e5 5. Nb5 d6 6. c4 Be7 7. N1c3 a6 8. Na3
f5 9. exf5 Bxf5 10. Nc2 Nf6 11. Ne3 Be6 12. g3 Nd4 13. Bg2 b5 14. Ne2 Nxe2 15.
Bxa8 Qxa8 16. Kxe2 bxc4 17. Re1 O-O 18. Kf1 Ng4 19. Nxg4 Qh1+ 20. Ke2 Bxg4+ 21.
f3 Qxf3+ 0-1

[Event "C.to Italiano U16"]
[Site "Montesilvano ITA"]
[Date "2015.06.29"]
[Round "1"]
[White "Andriaccio, Yuri"]
[Black "Barp, Alberto"]
[WhiteElo "1640"]
[BlackElo "2180"]
[Result "0-1"]
[PlyCount "58"]
[EventDate "2015.06.29"]

1. e4 c6 2. d4 d5 3. exd5 cxd5 4. Nf3 Nc6 5. c4 Nf6 6. Nc3 Bg4 7. Be3 e6 8. a3
Be7 9. h3 Bh5 10. cxd5 Nxd5 11. Nxd5 Qxd5 12. Be2 O-O 13. Qc2 Rac8 14. Qd2 Na5
15. Bd1 Nc4 16. Bb3 Bxf3 17. Bxc4 Rxc4 18. gxf3 Qxf3 19. Rh2 Bd6 20. Rc1 Rxc1+
21. Qxc1 Bxh2 22. Kd2 e5 23. Qc7 exd4 24. Qxh2 dxe3+ 25. fxe3 Rd8+ 26. Kc2 Qd1+
27. Kc3 Rd3+ 28. Kc4 Qb3+ 29. Kc5 Rd5# 0-1

[Event "C.to Italiano U16"]
[Site "Montesilvano ITA"]
[Date "2015.06.29"]
[Round "1"]
[White "Lussetti, Jacopo"]
[Black "Carnicelli, Valerio"]
[WhiteElo "1619"]
[BlackElo "2162"]
[Result "1-0"]
[PlyCount "49"]
[EventDate "2015.06.29"]

1. d4 d5 2. c4 c6 3. Nc3 Nf6 4. Nf3 e6 5. Bf4 dxc4 6. e3 b5 7. a4 b4 8. Nb1 Ba6
9. Qc2 b3 10. Qc1 Nd5 11. Bxc4 Bb4+ 12. Nbd2 Qb6 13. Bg3 O-O 14. O-O Bxd2 15.
Nxd2 Qb4 16. Rd1 Bxc4 17. Qxc4 Qxc4 18. Nxc4 Nd7 19. Ra3 N7b6 20. Na5 Rac8 21.
Rc1 Rfd8 22. Nxb3 Kf8 23. a5 Nd7 24. a6 Ke8 25. Na5 1-0

[Event "C.to Italiano U16"]
[Site "Montesilvano ITA"]
[Date "2015.06.29"]
[Round "1"]
[White "Moroni, Luca"]
[Black "Pani, Paolo"]
[WhiteElo "1821"]
[BlackElo "1648"]
[Result "1-0"]
[PlyCount "123"]
[EventDate "2015.06.29"]

1. Nf3 d5 2. c4 e6 3. g3 Nf6 4. Bg2 Be7 5. O-O O-O 6. b3 b6 7. Bb2 Bb7 8. e3
Nbd7 9. Nc3 Re8 10. Qe2 c6 11. d4 Bd6 12. Rfd1 Qe7 13. e4 dxe4 14. Nxe4 Nxe4
15. Qxe4 Nf6 16. Qh4 Nd7 17. Qh3 Rab8 18. Re1 Ba3 19. Bc3 Bb4 20. Bxb4 Qxb4 21.
Rad1 Qf8 22. d5 cxd5 23. cxd5 Bxd5 24. Rxd5 exd5 25. Qxd7 Rxe1+ 26. Nxe1 Qe8
27. Qxe8+ Rxe8 28. Kf1 d4 29. Bd5 Re5 30. Bc4 b5 31. Bd3 Rd5 32. Ke2 b4 33. Nc2
a5 34. Bc4 Rd6 35. a4 bxa3 36. Nxa3 d3+ 37. Bxd3 Re6+ 38. Kd2 Rh6 39. h4 Rf6
40. f4 Rd6 41. Kc3 h6 42. Nc4 Rd5 43. Be4 Rh5 44. Ne5 g6 45. Bd5 Rf5 46. Bxf7+
Rxf7 47. Nxf7 Kxf7 48. Kc4 Kf6 49. Kb5 Kf5 50. Kxa5 Kg4 51. b4 Kxg3 52. b5 Kxh4
53. b6 Kg4 54. b7 Kxf4 55. b8=Q+ Kg4 56. Qd6 Kh5 57. Kb4 g5 58. Kc3 g4 59. Kd3
Kg5 60. Ke3 h5 61. Qe5+ Kh4 62. Ke4 1-0

[Event "C.to Italiano U16"]
[Site "Montesilvano ITA"]
[Date "2015.06.29"]
[Round "1"]
[White "Varriale, Luca"]
[Black "Luu, Gianmarco"]
[WhiteElo "2164"]
[BlackElo "1628"]
[Result "1-0"]
[PlyCount "57"]
[EventDate "2015.06.29"]

1. d4 e6 2. c4 Nf6 3. Nc3 Bb4 4. a3 Bxc3+ 5. bxc3 b6 6. e3 Bb7 7. f3 d5 8. cxd5
exd5 9. Bd3 O-O 10. Ne2 Nbd7 11. O-O Re8 12. Ng3 c5 13. Re1 cxd4 14. cxd4 Nf8
15. Bb2 Ne6 16. Bb5 Re7 17. e4 a6 18. Ba4 Rc8 19. e5 Ne8 20. Nf5 Rec7 21. Bxe8
Qxe8 22. Nd6 Qd7 23. Nxc8 Qxc8 24. Rc1 Qd7 25. Rxc7 Nxc7 26. Qc2 Ne6 27. Rc1
Qd8 28. g3 h5 29. f4 1-0

[Event "C.to Italiano U16"]
[Site "Montesilvano ITA"]
[Date "2015.06.29"]
[Round "1"]
[White "Yao, Stefano"]
[Black "Mapelli, Davide"]
[WhiteElo "2252"]
[BlackElo "1641"]
[Result "1-0"]
[PlyCount "55"]
[EventDate "2015.06.29"]

1. e4 e5 2. Nf3 Nc6 3. Bb5 f5 4. d3 Nf6 5. O-O Bc5 6. exf5 O-O 7. Nc3 Qe8 8.
Bg5 Bb6 9. Ne4 Qh5 10. Ng3 Qe8 11. c3 d6 12. d4 exd4 13. cxd4 Bd7 14. Re1 Qc8
15. Bxf6 Rxf6 16. Bc4+ Kf8 17. Ng5 Bxf5 18. Nxf5 Qxf5 19. Ne6+ Rxe6 20. Bxe6
Qf6 21. Qd3 g6 22. Re3 Nxd4 23. Rae1 Kg7 24. Bc4 Rf8 25. Re7+ Kh8 26. Qh3 Qxf2+
27. Kh1 h5 28. Qd7 1-0

[Event "C.to Italiano U16"]
[Site "Montesilvano ITA"]
[Date "2015.06.30"]
[Round "2"]
[White "Arbore, Daniele"]
[Black "Varriale, Luca"]
[WhiteElo "1793"]
[BlackElo "2164"]
[Result "0-1"]
[PlyCount "76"]
[EventDate "2015.06.29"]

1. e4 c6 2. d4 d5 3. exd5 cxd5 4. c4 Nf6 5. Nc3 Nc6 6. Nf3 g6 7. b3 Bg4 8. Be2
Ne4 9. Nxe4 dxe4 10. Ne5 Bxe2 11. Qxe2 Nxd4 12. Qxe4 Bg7 13. f4 f6 14. Nxg6
hxg6 15. Qxg6+ Kf8 16. Be3 Qa5+ 17. Bd2 Qh5 18. Qxh5 Rxh5 19. Kf2 f5 20. Bc3
Ne6 21. Bxg7+ Kxg7 22. Rae1 Kf6 23. g3 Rd8 24. h3 Nc5 25. Kf3 Ne4 26. g4 Rd3+
27. Re3 Rxe3+ 28. Kxe3 Rh4 29. g5+ Kg6 30. Rh2 Ng3 31. Kf3 Nh5 32. Rd2 Rxh3+
33. Kg2 Nxf4+ 34. Kg1 Rd3 35. Rc2 e5 36. c5 e4 37. b4 e3 38. Kf1 Rd1# 0-1

[Event "C.to Italiano U16"]
[Site "Montesilvano ITA"]
[Date "2015.06.30"]
[Round "2"]
[White "Barp, Alberto"]
[Black "Camana, Filippo"]
[WhiteElo "2180"]
[BlackElo "1774"]
[Result "1-0"]
[PlyCount "35"]
[EventDate "2015.06.29"]

1. d4 Nf6 2. c4 e6 3. Nf3 d5 4. Nc3 Nbd7 5. Bf4 c6 6. e3 Bb4 7. Qb3 Qa5 8. Rc1
Ne4 9. a3 Be7 10. Bd3 Ndf6 11. O-O Nxc3 12. Rxc3 O-O 13. c5 Nh5 14. Qc2 g6 15.
Be5 f6 16. Bxg6 hxg6 17. Qxg6+ Ng7 18. Ng5 1-0

[Event "C.to Italiano U16"]
[Site "Montesilvano ITA"]
[Date "2015.06.30"]
[Round "2"]
[White "Filice, Davide"]
[Black "Podetti, Davide"]
[WhiteElo "1772"]
[BlackElo "2127"]
[Result "0-1"]
[PlyCount "54"]
[EventDate "2015.06.29"]

1. Nf3 d5 2. c4 e6 3. b3 d4 4. g3 c5 5. Bg2 Nc6 6. O-O Nf6 7. d3 Bd6 8. e3 O-O
9. exd4 cxd4 10. Re1 Re8 11. Nbd2 e5 12. Ng5 Bb4 13. a3 Bc3 14. Rb1 Bf5 15. Qc2
Ng4 16. Nge4 Bxe4 17. Rxe4 f5 18. Rxg4 fxg4 19. Bd5+ Kh8 20. Ne4 h6 21. Qe2 Qd7
22. Nc5 Qe7 23. Qxg4 Qxc5 24. Bg5 Qd6 25. f4 Bd2 26. Qh5 exf4 27. Bf7 Re5 0-1

[Event "C.to Italiano U16"]
[Site "Montesilvano ITA"]
[Date "2015.06.30"]
[Round "2"]
[White "Leonardi, Antonio"]
[Black "Moroni, Luca"]
[WhiteElo "1804"]
[BlackElo "1821"]
[Result "0-1"]
[PlyCount "44"]
[EventDate "2015.06.29"]

1. d4 d5 2. c4 e6 3. Nc3 a6 4. e3 Nf6 5. Nf3 Nbd7 6. Qc2 dxc4 7. Bxc4 b5 8. Bd3
Bb7 9. Qe2 c5 10. O-O Rc8 11. Ne5 cxd4 12. exd4 Be7 13. Re1 O-O 14. Bg5 Nb6 15.
Rad1 Nbd5 16. Ne4 Nxe4 17. Qxe4 f5 18. Bxe7 Qxe7 19. Qe2 Nf4 20. Qd2 Nxg2 21.
Re2 Qh4 22. Nd7 Nf4 0-1

[Event "C.to Italiano U16"]
[Site "Montesilvano ITA"]
[Date "2015.06.30"]
[Round "2"]
[White "Lodici, Lorenzo"]
[Black "Simonetto, Alessio"]
[WhiteElo "2324"]
[BlackElo "1800"]
[Result "1-0"]
[PlyCount "31"]
[EventDate "2015.06.29"]

1. d4 Nf6 2. c4 g6 3. Nc3 Bg7 4. e4 d6 5. Nf3 e5 6. dxe5 dxe5 7. Qxd8+ Kxd8 8.
Nxe5 Ke8 9. Nf3 c6 10. Be3 Na6 11. Be2 Nc7 12. h3 h6 13. O-O Ne6 14. Nd4 Ng5
15. f3 Ke7 16. e5 1-0

[Event "C.to Italiano U16"]
[Site "Montesilvano ITA"]
[Date "2015.06.30"]
[Round "2"]
[White "Solime', Marco"]
[Black "Yao, Stefano"]
[WhiteElo "1802"]
[BlackElo "2252"]
[Result "0-1"]
[PlyCount "114"]
[EventDate "2015.06.29"]

1. e4 c5 2. Nf3 d6 3. d4 cxd4 4. Nxd4 Nf6 5. Nc3 Nc6 6. Nxc6 bxc6 7. Be2 e5 8.
O-O Be7 9. Be3 O-O 10. f4 Qa5 11. fxe5 dxe5 12. Bf3 Rb8 13. Qe1 Kh8 14. Rb1 Be6
15. Bd2 Qa6 16. Qe3 Nd7 17. Kh1 Bc5 18. Qe1 Bd4 19. Be2 Qb7 20. Qg3 Nc5 21. Be3
Rfd8 22. Bh5 Bxc3 23. Bxc5 Bd4 24. Bxd4 exd4 25. a3 c5 26. Qe5 Qd7 27. b3 f6
28. Qg3 a5 29. Be2 Qd6 30. Qxd6 Rxd6 31. Bd3 Rdb6 32. Rbe1 a4 33. bxa4 c4 34.
Be2 Rb2 35. Bd1 Kg8 36. e5 f5 37. Rf4 Rd8 38. h4 g6 39. Kg1 h6 40. g4 Kf7 41.
Ree4 d3 42. cxd3 Rxd3 43. Be2 Rdd2 44. gxf5 gxf5 45. Bxc4 Rg2+ 46. Kf1 Bxc4+
47. Rxc4 Ke6 48. Rc5 Rgd2 49. Rc1 Kxe5 50. Rb4 Rf2+ 51. Kg1 Rg2+ 52. Kf1 Rbf2+
53. Ke1 Ra2 54. Rb5+ Kf4 55. Rc4+ Kg3 56. Rb3+ Kh2 57. h5 Rg1# 0-1

[Event "C.to Italiano U16"]
[Site "Montesilvano ITA"]
[Date "2015.07.01"]
[Round "3"]
[White "Balzan, Marco"]
[Black "Barp, Alberto"]
[WhiteElo "1928"]
[BlackElo "2180"]
[Result "0-1"]
[PlyCount "92"]
[EventDate "2015.06.29"]

1. e4 c6 2. d4 d5 3. Nc3 dxe4 4. Nxe4 Bf5 5. Ng3 Bg6 6. N1e2 e6 7. Nf4 Bd6 8.
h4 Bxf4 9. Bxf4 h6 10. c3 Nf6 11. Bd3 Bxd3 12. Qxd3 Nbd7 13. Ne4 Nxe4 14. Qxe4
Nf6 15. Qe2 Qd5 16. O-O O-O 17. b3 Rfd8 18. Rfd1 Rac8 19. Rd3 c5 20. Rad1 c4
21. bxc4 Rxc4 22. Be5 Ne4 23. Qg4 f6 24. Re1 fxe5 25. Rxe4 Rd7 26. Rxe5 Qxe5
27. dxe5 Rxg4 28. Rxd7 Rxh4 29. Rxb7 Ra4 30. Rb2 g5 31. Rc2 Kf7 32. c4 Ke7 33.
g3 g4 34. Kf1 Kd7 35. Ke2 Ra3 36. Kd2 Kc6 37. Kc1 Kc5 38. Kb2 Rf3 39. a3 h5 40.
Rc3 Rxf2+ 41. Kb3 Rf3 42. Kc2 Kd4 43. Rxf3 gxf3 44. Kd2 Kxc4 45. Ke3 f2 46.
Kxf2 Kd4 0-1

[Event "C.to Italiano U16"]
[Site "Montesilvano ITA"]
[Date "2015.07.01"]
[Round "3"]
[White "Moroni, Luca"]
[Black "Pedoni, Lorenzo"]
[WhiteElo "1821"]
[BlackElo "1931"]
[Result "1-0"]
[PlyCount "103"]
[EventDate "2015.06.29"]

1. c4 e5 2. Nc3 Nf6 3. Nf3 Nc6 4. a3 d5 5. d4 exd4 6. Nxd4 Be6 7. cxd5 Nxd5 8.
e4 Nf6 9. Be3 Nxd4 10. Qxd4 Qxd4 11. Bxd4 Be7 12. O-O-O a6 13. Be2 O-O-O 14. f4
Bb3 15. Rd2 Rhe8 16. Bf3 c5 17. Be3 Rxd2 18. Bxd2 Rd8 19. g4 Rd3 20. Be2 Rd8
21. Bf3 Rd3 22. Rf1 Nd7 23. Be2 Rh3 24. Rf2 Nb6 25. Bf1 Rh6 26. e5 Nc4 27. g5
Rh4 28. Be1 Rxf4 29. Rxf4 Bxg5 30. Bh3+ Kb8 31. Bg3 Nxe5 32. Kb1 Bxf4 33. Bxf4
f6 34. Ne4 b6 35. Ng5 h6 36. Nf3 g5 37. Bg3 Kb7 38. Nxe5 fxe5 39. Bg2+ Kc7 40.
Bxe5+ Kd7 41. Be4 Bf7 42. Kc2 b5 43. Bc3 Kc7 44. Kd3 Kb6 45. Bg7 h5 46. Bf6 g4
47. Bd8+ Ka7 48. Ke3 Kb8 49. Kf4 Kc8 50. Be7 c4 51. Kg5 a5 52. Bc6 1-0

[Event "C.to Italiano U16"]
[Site "Montesilvano ITA"]
[Date "2015.07.01"]
[Round "3"]
[White "Podetti, Davide"]
[Black "Buffa Sabarino, Pietro"]
[WhiteElo "2127"]
[BlackElo "1864"]
[Result "1-0"]
[PlyCount "129"]
[EventDate "2015.06.29"]

1. e4 d6 2. d4 Nf6 3. Nc3 g6 4. f3 c6 5. Be3 b5 6. Qd2 Nbd7 7. g4 Nb6 8. Bh6
Nc4 9. Bxc4 bxc4 10. Bxf8 Rxf8 11. Nge2 Rb8 12. b3 Ba6 13. Nd1 Qb6 14. Ne3 cxb3
15. axb3 Kd7 16. Qa5 Bb7 17. Nc4 Qxa5+ 18. Rxa5 a6 19. Kf2 d5 20. Ne5+ Kc7 21.
exd5 Nxd5 22. c4 Nb6 23. Nd3 Nd7 24. Rha1 Rbd8 25. Ke3 Nb8 26. Nc3 Rd6 27. Ne4
Rdd8 28. Nec5 Bc8 29. Nb4 e5 30. dxe5 Rfe8 31. Ncxa6+ Nxa6 32. Nxa6+ Bxa6 33.
Rxa6 Rxe5+ 34. Kf4 Re2 35. R6a2 Rd4+ 36. Kg5 Re3 37. Ra7+ Kb6 38. R1a6+ Kc5 39.
Rc7 Rd6 40. Rxf7 Rxb3 41. h4 Kxc4 42. Ra4+ Kd3 43. Rxh7 Rb5+ 44. Kf4 c5 45. Rc7
Rb4+ 46. Rxb4 cxb4 47. Rb7 Kc3 48. h5 gxh5 49. gxh5 Rf6+ 50. Kg4 b3 51. f4 b2
52. Kg5 Rc6 53. h6 Kc2 54. f5 Rc3 55. h7 Rg3+ 56. Kh6 Rh3+ 57. Kg7 Rg3+ 58. Kf7
Rh3 59. Rxb2+ Kxb2 60. Kg8 Rg3+ 61. Kh8 Kc3 62. f6 Kc4 63. f7 Kd5 64. f8=Q Ke6
65. Qg8+ 1-0

[Event "C.to Italiano U16"]
[Site "Montesilvano ITA"]
[Date "2015.07.01"]
[Round "3"]
[White "Prete, Alessandro"]
[Black "Lodici, Lorenzo"]
[WhiteElo "1948"]
[BlackElo "2324"]
[Result "0-1"]
[PlyCount "55"]
[EventDate "2015.06.29"]

1. d4 f5 2. Bg5 h6 3. Bh4 g5 4. e4 Rh7 5. Be2 e6 6. Bh5+ Rf7 7. exf5 exf5 8.
Nf3 d6 9. Qe2+ Qe7 10. Bxg5 hxg5 11. Nxg5 Nh6 12. Nxf7 Qxe2+ 13. Bxe2 Kxf7 14.
Nc3 c6 15. O-O-O Nd7 16. h3 Nf6 17. Rde1 Be6 18. f4 a6 19. Bf3 Rc8 20. a4 d5
21. Re3 c5 22. Ne2 c4 23. Ng3 Bd6 24. Nh5 Ne4 25. Rf1 b5 26. axb5 axb5 27. Bxe4
dxe4 28. g4 0-1

[Event "C.to Italiano U16"]
[Site "Montesilvano ITA"]
[Date "2015.07.01"]
[Round "3"]
[White "Varriale, Luca"]
[Black "Landi, Alberto"]
[WhiteElo "2164"]
[BlackElo "1867"]
[Result "1-0"]
[PlyCount "47"]
[EventDate "2015.06.29"]

1. d4 Nf6 2. c4 g6 3. Nc3 Bg7 4. Nf3 O-O 5. Bg5 h6 6. Bh4 d6 7. e3 Nbd7 8. Be2
e5 9. O-O g5 10. dxe5 Nxe5 11. Bg3 Nxf3+ 12. Bxf3 Nd7 13. Qd2 Ne5 14. Be2 Be6
15. b3 f5 16. Rac1 Qf6 17. f4 Ng6 18. Nd5 Qf7 19. Bh5 Kh7 20. fxg5 hxg5 21. e4
Bh6 22. Bxg6+ Qxg6 23. Nxc7 Rac8 24. Qxd6 1-0

[Event "C.to Italiano U16"]
[Site "Montesilvano ITA"]
[Date "2015.07.01"]
[Round "3"]
[White "Yao, Stefano"]
[Black "Belli, Giorgio"]
[WhiteElo "2252"]
[BlackElo "1914"]
[Result "1/2-1/2"]
[PlyCount "85"]
[EventDate "2015.06.29"]

1. d4 Nf6 2. Nf3 e6 3. c4 c5 4. e3 d5 5. Nc3 Nc6 6. a3 a6 7. Bd3 Be7 8. O-O O-O
9. h3 dxc4 10. Bxc4 b5 11. Ba2 Bb7 12. d5 exd5 13. Nxd5 Nxd5 14. Bxd5 Na5 15.
Bxb7 Nxb7 16. e4 c4 17. Be3 Qc7 18. Qd5 Rad8 19. Qh5 Bc5 20. Bd2 Qc6 21. Rae1
Qg6 22. Qh4 Rfe8 23. e5 Rd3 24. Kh1 Qf5 25. Re4 Be7 26. Bg5 Bxg5 27. Nxg5 Rxe5
28. Rxe5 Qxe5 29. Qxh7+ Kf8 30. Nf3 Qe2 31. Qh8+ Ke7 32. Re1 Rd1 33. Rxd1 Qxd1+
34. Kh2 Qd6+ 35. g3 Qf6 36. Kg2 Nd8 37. Qh5 Ne6 38. Qd5 Qxb2 39. Ne5 Kf6 40.
Ng4+ Ke7 41. Ne5 Kf6 42. Ng4+ Ke7 43. Ne5 1/2-1/2

[Event "C.to Italiano U16"]
[Site "Montesilvano ITA"]
[Date "2015.07.01"]
[Round "4"]
[White "Agus, Lorenzo"]
[Black "Manfroi, Andrea"]
[WhiteElo "1574"]
[BlackElo "2014"]
[Result "0-1"]
[PlyCount "120"]
[EventDate "2015.06.29"]

1. e4 c5 2. d4 cxd4 3. c3 d3 4. Bxd3 Nc6 5. f4 d6 6. Nf3 Nf6 7. Qe2 e6 8. O-O
Be7 9. Kh1 e5 10. fxe5 dxe5 11. Be3 O-O 12. Nbd2 Qc7 13. Nh4 Ng4 14. Nf5 Nxe3
15. Nxe7+ Qxe7 16. Qxe3 Be6 17. Qe2 Rad8 18. Rad1 Rd7 19. Nb3 Rfd8 20. Bc2 h6
21. Rxd7 Rxd7 22. Rd1 b6 23. Bd3 Qd8 24. Bc2 Rxd1+ 25. Qxd1 Qxd1+ 26. Bxd1 Bc4
27. Nc1 Kf8 28. Be2 Na5 29. b3 Bxe2 30. Nxe2 Ke7 31. Kg1 Kd6 32. Ng3 g6 33. Kf2
Nb7 34. Ke3 Ke6 35. h4 Nd6 36. h5 f5 37. Kf3 f4 38. Ne2 gxh5 39. g3 fxg3 40.
Nxg3 h4 41. Nf1 Nb5 42. c4 Nc3 43. a4 Kd6 44. Nd2 h5 45. Kg2 Kc5 46. Kh3 Kd4
47. Kxh4 Ke3 48. Nf1+ Kxe4 49. Kxh5 Kd3 50. Kg4 Kc2 51. Kf5 Kxb3 52. Kxe5 Kxc4
53. a5 b5 54. Nd2+ Kb4 55. a6 Ka5 56. Kd4 Na4 57. Nb3+ Kxa6 58. Kd5 Kb6 59. Kd4
a5 60. Kd3 Nc5+ 0-1